000 00300nam a22001337a 4500
008 170609b xxu||||| |||| 00| 0 eng d
020 _a9780679454632
041 _aeng
080 _a94
100 _a18
101 _aSHH
245 _aTHE COMING CONFLICT WITH CHINA
_cBERNSTEIN,R
942 _2udc
_cBK
999 _c16796
_d16796